| 000 | 00849cad a22001935a 4500 | ||
|---|---|---|---|
| 001 | L157526 | ||
| 008 | 130110s2013 xxk f 000 0 eng d | ||
| 035 | _a(Sirsi) u157526 | ||
| 041 | 0 | _aeng | |
| 110 | 2 |
_aOffice of Fair Trading _91355 |
|
| 245 | 0 | 0 |
_aEnergy Efficiency _bEnpowering consumers, encouraging growth _h[electronic resource] |
| 260 |
_aLondon _bOFT _c2013 |
||
| 520 | _aOFT has published a review of the energy efficiency sector to encourage good business practice and greater consumer awareness. Found the behaviour of some businesses in this sector undermined consumer confidence and risked breaking consumer law. | ||
| 590 | _aKA | ||
| 651 | 4 | _aUnited Kingdom | |
| 690 |
_aEnergy _96237 |
||
| 856 | 4 | 0 |
_uhttps://oft.gov.uk/shared_oft/Campaigns/energy-efficiency/oft1472.pdf _zView the item free of charge at oft.gov.uk |
| 942 | _n0 | ||
| 999 |
_c114821 _d114821 |
||